Manejo y conservación de suelos : con especial énfasis en situaciones argentinas /
Guardado en:
| Autor Principal: | |
|---|---|
| Autor Corporativo: | |
| Formato: | Libro |
| Idioma: | Spanish |
| Publicado: |
Buenos Aires :
AACS,
2017.
|
| Materias: | |
| Acceso en línea: | Índice |
| Etiquetas: |
Agregar Etiqueta
Sin Etiquetas, Sea el primero en etiquetar este registro!
|
| LEADER | 01166nam a22002655a 4500 | ||
|---|---|---|---|
| 001 | EEA.libagro010983 | ||
| 005 | 20181205081218.0 | ||
| 008 | 180522s2017####ag#a##########000#0#spa#d | ||
| 020 | |a 9789872477189 | ||
| 082 | 0 | 4 | |a 631.45 |
| 100 | 1 | |a Vázquez, Mabel E., |e ed. | |
| 245 | 1 | 0 | |a Manejo y conservación de suelos : |b con especial énfasis en situaciones argentinas / |c editora: Mabel E. Vázquez. |
| 260 | |a Buenos Aires : |b AACS, |c 2017. | ||
| 300 | |a 386 p. : |b il., lám. col. ; |c 30 cm. | ||
| 650 | 7 | |a Conservación de suelos |z Argentina |2 agrovoc | |
| 650 | 7 | |a Conservación de los recursos |2 agrovoc | |
| 650 | 7 | |a Degradación del suelo |2 agrovoc | |
| 650 | 7 | |a Erosión hídrica |2 agrovoc | |
| 650 | 7 | |a Erosión eólica |2 agrovoc | |
| 650 | 7 | |a Materia orgánica del suelo |2 agrovoc | |
| 710 | 2 | |a Asociación Argentina de la Ciencia del Suelo. | |
| 856 | |u http://www.suelos.org.ar/sitio/wp-content/uploads/2018/02/V%C3%A1zquez-M.-ed.-AACS-Tapas-e-%C3%ADndice.pdf |3 Índice | ||
| 859 | |a AR-BbBCA |b BIB. AGRONOMIA |h 631.45 |i V393 |p 2018/6919 | ||
| 859 | |a AR-BbBCA |b BIB. AGRONOMIA |h 631.45 |i V393 |p 2018/6920 |t Ej.2 | ||
| 859 | |a AR-BbBCA |b BIB. AGRONOMIA |h 631.45 |i V393 |p 2018/6974 |t Ej.3 | ||
